000 00293nam a22001337a 4500
008 170803b xxu||||| |||| 00| 0 eng d
020 _a9780073519166
041 _aeng
080 _a004
100 _a32
101 _aSHKI
245 _aMICROSOFT OFFICE 2007
_cOLEARY, T.J
942 _2udc
_cBK
999 _c22648
_d22648